000 00950nam a22002177a 4500
003 OSt
005 20250827114051.0
008 240308b ||||| |||| 00| 0 eng d
040 _c0
082 _aDPer 621.317 Ie21 July 2022 v.37 n. 7
100 _aAljarajreh, Hamzeh.
_954256
245 _aA nonisolated three-port DC-DC converter with two bidirectional ports and fewer components /
_cHamzeh Aljarajreh, Dylan Dah-Chuan Lu, Yam P. Siwakoti, and Chi K. Tse
260 _aNew York ;
_bThe Institute of Electrical and Electronics Engineers, Inc. ,
_cJuly 2022.
300 _avolume 37, pages 8207-8216 :
_billustration ;
_c28 cm.
500 _a IEEE Transactions on Power Electronics, vol. 37, no. 7, pages 8207-8216 , July 2022.
700 _aAljarajreh, Hamzeh.
_eauthor.
_954256
700 _aDah-Chuan Lu, Dylan.
_eauthor.
_954257
700 _aSiwakoti, Yam P.
_eauthor.
_954258
700 _aTse, Chi K.
_eauthor.
_954259
942 _2ddc
_cPER
999 _c19580
_d19580